Čo nás v MČ Košice-Západ trápi...

Podrobná bibliografia
Hlavný autor: Mutafov, Pavol (Author)
Médium: Článok
Jazyk:Slovak
Vydané: 1999
Témy:
Zdroj: 1. Košický večer 1. Roč. 10, č. 90(1999), dát. 0512, s. 4
LEADER 00752nab#a2200301#ar4500
001 000007913
003 SVKKK
005 20030721145555.0
008 030721c1999 e sloo
FMT
038 |a SVKKK 
040 |a SVKKK  |b slo  |e AACR2 
041 0 |a slo 
080 |a 352.075  |2 1981 
080 |a 502  |2 1981 
100 1 |a Mutafov, Pavol  |4 aut 
245 1 0 |a Čo nás v MČ Košice-Západ trápi...  |c Mutafov Pavol, 
260 |c 1999 
650 0 4 |a informácie 
650 0 4 |a prostredie životné  |z Západ (mestská časť)  |z Košice 
650 0 4 |a samospráva 
773 0 |t Košický večer  |g Roč. 10, č. 90(1999), dát. 0512, s. 4 
957 |a Košice 
974 |a Cr 
992 |a RBX 
BAS
852 |a SVKKK  |b BIB 
998 |a REG